000 00655nam a2200241 i 4500
001 C2-0325709
003 PPAK
005 20180728123713.0
008 140217s2013 nyua|||| ||||| | eng d
020 _a9781596916982
040 _aPPAK
_beng
_cPPAK
_erda
082 0 4 _a823
_223
090 0 0 _a823
_bMIN
_dLCK
100 1 _aMin, Anchee,
_eauthor
245 1 4 _aThe cooked seed :
_ba memoir
264 1 _aNew York :
_bBloomsbury ,
_c2013
300 _a4 pages., 361 pages :
_billustrations ;
_c24 cm
336 _2rdacontent
_atext
337 _2rdamedia
_aunmediated
338 _2rdacarrier
_avolume
650 1 0 _aEnglish fiction
942 _ddc
_cB
999 _c125410
_d125410